Bank restructuring lessons from the 1980s (Record no. 541801)

000 -LEADER
fixed length control field 00354nam a22001217a 4500
020 ## - INTERNATIONAL STANDARD BOOK NUMBER
International Standard Book Number 0821335197
082 ## - DEWEY DECIMAL CLASSIFICATION NUMBER
Classification number 332.1
Author Mark BAN
-- D
245 ## - TITLE STATEMENT
Title Bank restructuring lessons from the 1980s
Statement of responsibility, etc. Sheng, Andrew
260 ## - PUBLICATION, DISTRIBUTION, ETC.
Place of publication, distribution, etc. Washignton
Name of publisher, distributor, etc. The world bank
Date of publication, distribution, etc. 1996
300 ## - PHYSICAL DESCRIPTION
Extent vi, 183 p. :
Other physical details ill,
Dimensions 24 cm.
526 ## - STUDY PROGRAM INFORMATION NOTE
Program name 0
Interest level 0
Reading level 0
Title point value 332_100000000000000_BAN
942 ## - ADDED ENTRY ELEMENTS (KOHA)
Source of classification or shelving scheme
Koha item type Book
Holdings
Withdrawn status Lost status Source of classification or shelving scheme Damaged status Not for loan Permanent Location Current Location Date acquired Total Checkouts Full call number Barcode Date last seen Copy number Price effective from Koha item type
          Military College of Engineering (MCE) Military College of Engineering (MCE) 08/30/2013   332.1 BAN MCE-42735 08/30/2013 1 08/30/2013 Book
© 2023 Central Library, National University of Sciences and Technology. All Rights Reserved.